| 000 | 00436nam a2200157Ia 4500 | ||
|---|---|---|---|
| 003 | OSt | ||
| 005 | 20200707151542.0 | ||
| 008 | 190216s9999||||xx |||||||||||||| ||und|| | ||
| 040 | _coclc | ||
| 082 |
_a951 _bCHA/P |
||
| 100 |
_aChandrasekhar, S _91819 |
||
| 245 | 0 |
_aPuthiya China / _cS Chandrasekhar |
|
| 260 |
_bVenus Publications, _c1963. _aKonni: |
||
| 300 | _a274p | ||
| 942 |
_cBK _2ddc _h951 _iCHA/P _k951 _mCHA/P |
||
| 999 |
_c37502 _d37502 |
||